000 01087nam a2200289 a 4500
001 69820
003 BD-RjUL
005 20211209081929.0
008 170413s1992 enk b 001 0 eng
020 _a0198535937
_c: $79.00
035 _a(BD-RjUL)70032
040 _aDLC
_cDLC
_dBD-RjUL
_beng
041 _aeng
082 0 0 _a519.2
_223
_bKNF 1992
100 1 _aKnight, Frank B.,
_d1933-
_9206795
245 1 0 _aFoundations of the prediction process /
_cby Frank B. Knight.
260 _aOxford :
_bClarendon Press ;
_aNew York :
_bOxford University Press,
_cc1992.
300 _axii, 248 p. ;
_c24 cm.
504 _aIncludes bibliographical references (p. [244]-246) and index.
650 0 _aStochastic processes.
_9117665
856 4 2 _3Publisher description
_uhttp://www.loc.gov/catdir/enhancements/fy0639/91020603-d.html
856 4 1 _3Table of contents only
_uhttp://www.loc.gov/catdir/enhancements/fy0639/91020603-t.html
942 _2ddc
_cBK
999 _c69820
_d69820